Catàleg del Col·legi de Periodistes de Catalunya

Diccionario del periodismo (Registre núm. 743)

000 -CABECERA
Longitud fija campo de control 00508nam a2200169 a 4500
001 - NÚMERO DE CONTROL
Número de control 743
003 - IDENTIFICADOR DEL NÚMERO DE CONTROL
Identificador del número de control CDMR
005 - FECHA Y HORA DE LA ÚLTIMA TRANSACCIÓN
Fecha y hora de la última transacción 20130517121249.0
008 - CÓDIGOS DE INFORMACIÓN DE LONGITUD FIJA
Códigos de información de longitud fija 130130s1977||||||||||||||||||||||||||||d
040 ## - FUENTE DE LA CATALOGACIÓN
Centro catalogador de origen CDMR
Lengua de catalogación cat
Centro transcriptor CPC GIRONA
100 1# - PUNTO DE ACCESO PRINCIPAL-NOMBRE DE PERSONA
Nombre de persona López De Zuazo Algar, Antonio
9 (RLIN) 296
245 10 - MENCIÓN DE TÍTULO
Título Diccionario del periodismo
Mención de responsabilidad, etc. Antonio López de Zuazo Algar ; prólogo José Luís Martínez Albertos
250 ## - MENCIÓN DE EDICIÓN
Mención de edición 2a ed.
260 ## - PUBLICACIÓN, DISTRIBUCIÓN, ETC. (PIE DE IMPRENTA)
Fecha de publicación, distribución, etc. [1977]
Nombre del editor, distribuidor, etc. Pirámide
Lugar de publicación, distribución, etc. Madrid
650 04 - PUNTO DE ACCESO ADICIONAL DE MATERIA - TÉRMINO DE MATERIA
9 (RLIN) 3462
Término de materia o nombre geográfico como elemento inicial Periodisme
Subdivisión de materia general Diccionaris
942 ## - ENTRADA DE ELEMENTOS AGREGADOS (KOHA)
Koha [por defecto] tipo de item Monografies
Fuente de clasificaión o esquema
Fons
Suprimido Perdido Fuente de clasificación o esquema Estropeado No para préstamo Localización permanente Localización actual Fecha adquisición Préstamos totales Signatura completa Código de barras Fecha última consulta Fecha del precio de reemplazo Tipo de item de Koha
    udc   No per a préstec CPC Girona CPC Girona 2010-12-03   Ba 131 GIRONA1311612611 2013-01-16 2013-01-16 Monografies

Implantat amb Koha